| 000 | 00729cam a2200193ua 4500 | ||
|---|---|---|---|
| 020 | _cRs 5.00 | ||
| 041 |
_ahin _h |
||
| 082 |
_a891.54 _bAUM/PR |
||
| 100 | _aAum , Avasthi . | ||
| 110 | 1 |
_a1 . _b _c() |
|
| 245 |
_aPremchand ke nari patru / _cAum Avasthi. _hTextual Documents |
||
| 250 |
_a1 / _b. |
||
| 260 |
_aNew Delhi : _bNational Publishing House , _c1962. |
||
| 300 | _a180 ; . | ||
| 365 | _aRs 5.00 | ||
| 504 | _a | ||
| 942 | _cBK | ||
| 999 |
_c3662 _d3662 |
||